|
|
|
|
| LEADER |
02438cam a2200313 u 4500 |
| 001 |
10079459 |
| 003 |
GR-PaULI |
| 005 |
20210117202113.0 |
| 008 |
090918s1991 f eng |
| 952 |
|
|
|0 0
|1 0
|2 ddc
|3 τ.3
|4 0
|6 Π_281_703000000000000_COP
|7 0
|9 82784
|a LISP
|b LISP
|c REF
|d 2016-04-24
|i 009144
|l 0
|o Π 281.703 COP
|p 025000146509
|r 2016-04-24 00:00:00
|t 1
|v 2016.00
|w 2016-04-24
|y BKN
|x Μεταφορά Τμήματος Φιλολογίας
|
| 952 |
|
|
|0 0
|1 0
|2 ddc
|3 τ.4
|4 0
|6 Π_281_703000000000000_COP
|7 0
|9 82785
|a LISP
|b LISP
|c REF
|d 2016-04-24
|i 009145
|l 0
|o Π 281.703 COP
|p 025000146508
|r 2016-04-24 00:00:00
|t 1
|v 2016.00
|w 2016-04-24
|y BKN
|x Μεταφορά Τμήματος Φιλολογίας
|
| 952 |
|
|
|0 0
|1 0
|2 ddc
|3 τ.5
|4 0
|6 Π_281_703000000000000_COP
|7 0
|9 82786
|a LISP
|b LISP
|c REF
|d 2016-04-24
|i 009146
|l 0
|o Π 281.703 COP
|p 025000146507
|r 2016-04-24 00:00:00
|t 1
|v 2016.00
|w 2016-04-24
|y BKN
|x Μεταφορά Τμήματος Φιλολογίας
|
| 952 |
|
|
|0 0
|1 0
|2 ddc
|3 τ.6
|4 0
|6 Π_281_703000000000000_COP
|7 0
|9 82787
|a LISP
|b LISP
|c REF
|d 2016-04-24
|i 009147
|l 0
|o Π 281.703 COP
|p 025000146506
|r 2016-04-24 00:00:00
|t 1
|v 2016.00
|w 2016-04-24
|y BKN
|x Μεταφορά Τμήματος Φιλολογίας
|
| 952 |
|
|
|0 0
|1 0
|2 ddc
|3 τ.7
|4 0
|6 Π_281_703000000000000_COP
|7 0
|9 82788
|a LISP
|b LISP
|c REF
|d 2016-04-24
|i 009148
|l 0
|o Π 281.703 COP
|p 025000146510
|r 2016-04-24 00:00:00
|t 1
|v 2016.00
|w 2016-04-24
|y BKN
|x Μεταφορά Τμήματος Φιλολογίας
|
| 999 |
|
|
|c 55275
|d 55275
|
| 020 |
|
|
|a 002897025x
|q (set)
|
| 040 |
|
|
|a GR-PaULI
|c GR-PaULI
|b gre
|e AACR2
|
| 082 |
1 |
4 |
|a 281.703
|2 23
|
| 245 |
0 |
4 |
|a The Coptic Encyclopedia /
|c editor in chief Aziz S. Atiya.
|
| 260 |
|
|
|a New York :
|b Macmillan,
|c 1991.
|
| 300 |
|
|
|a 8 τ. (lxxiii, 2372, 371 σ.) :
|b εικ., χαρτ. ;
|c 29 εκ.
|
| 500 |
|
|
|a -- τ. 3. - (665-1003) σ. -- τ. 4. - (1005-1351) σ. -- τ. 5. - (1353-1689) σ. -- τ. 6. - (1691-2034) σ. -- τ. 7. - (2035-2472) σ. --
|
| 504 |
|
|
|a Περιλαμβάνει βιβλιογραφικές παραπομπές.
|
| 505 |
0 |
|
|a -- τ. 3. Cros-Ethi -- τ. 4. Ethi-John -- τ. 5. John-Muha -- τ. 6. Muha-Pulp -- τ. 7. Qal-Zost --
|
| 610 |
2 |
4 |
|a Κοπτική Εκκλησία
|x Εγκυκλοπαίδειες και λεξικά
|9 80404
|
| 650 |
|
4 |
|a Κόπτες
|x Εγκυκλοπαίδειες και λεξικά
|9 80405
|
| 700 |
1 |
|
|a Atiya, Aziz Suryal
|d 1898-1988
|9 80406
|e επιμελητής.
|
| 942 |
|
|
|2 ddc
|c BKN
|
| 998 |
|
|
|c ΜΠΟΥΡΑΣ
|d 2019-11
|